|
|
|
|
| LEADER |
00889nam a22002057a 4500 |
| 008 |
140430b xxu||||| |||| 00| 0 eng d |
| 999 |
|
|
|c 6256
|d 6256
|
| 020 |
|
|
|a 9788122610277
|
| 082 |
|
|
|a 894.1301
|b PAD
|
| 100 |
|
|
|9 10
|a പത്മരാജന്
|
| 240 |
|
|
|a Kazhinja vasantha kalathil
|
| 245 |
|
|
|a കഴിഞ്ഞ വസന്തകാലത്തില് /
|c പത്മരാജന്
|
| 250 |
|
|
|a 3rd imp.
|
| 260 |
|
|
|a തൃശൂര് :
|c 2012.
|
| 300 |
|
|
|a 88p.
|
| 650 |
|
|
|a Stories
|
| 700 |
|
|
|a Padmarajan
|
| 942 |
|
|
|2 ddc
|c BK
|
| 952 |
|
|
|0 0
|1 0
|2 ddc
|4 0
|6 894_130100000000000_PAD
|7 0
|9 9035
|a MAIN
|b MAIN
|d 2014-04-30
|e Current Books, Thrissur
|g 65.00
|l 1
|o 894.1301 PAD
|p 9552
|r 2017-10-23
|s 2017-10-12
|t 1
|w 2014-04-30
|y BK
|
| 952 |
|
|
|0 0
|1 0
|2 ddc
|4 0
|6 894_130100000000000_PAD
|7 0
|9 16120
|a MAIN
|b MAIN
|d 2015-06-17
|e Cosmo Books
|g 65.00
|o 894.1301 PAD
|p 16431
|r 2015-06-17
|t 2
|w 2015-06-17
|y BK
|